Meyers neues Lexikon in 8 Bänden
Saved in:
| Format: | Book |
|---|---|
| Language: | German |
| Published: |
Leipzig
WEB Bibliographisches Institut
1963
|
| Tags: |
No Tags, Be the first to tag this record!
|
MARC
| LEADER | 00000nam a2200000 4500 | ||
|---|---|---|---|
| 001 | c123211 | ||
| 005 | 20221207065900.8 | ||
| 041 | 0 | |a ger | |
| 044 | |a DE | ||
| 245 | 1 | 0 | |a Meyers neues Lexikon in 8 Bänden |
| 264 | 1 | |a Leipzig |b WEB Bibliographisches Institut |c 1963 | |
| 300 | |a 952 s. | ||